Suffering for territory : (Record no. 1486)
[ view plain ]
| 000 -LEADER | |
|---|---|
| fixed length control field | 01184cam a22003254a 4500 |
| 001 - CONTROL NUMBER | |
| control field | 14537626 |
| 003 - CONTROL NUMBER IDENTIFIER | |
| control field | GZU |
| 005 - DATE AND TIME OF LATEST TRANSACTION | |
| control field | 20201019090013.0 |
| 008 - FIXED-LENGTH DATA ELEMENTS--GENERAL INFORMATION | |
| fixed length control field | 060907s2005 rh ab b 001 0 eng |
| 010 ## - LIBRARY OF CONGRESS CONTROL NUMBER | |
| LC control number | 2006318542 |
| 020 ## - INTERNATIONAL STANDARD BOOK NUMBER | |
| International Standard Book Number | 1779220375 |
| 040 ## - CATALOGING SOURCE | |
| Original cataloging agency | DLC |
| Transcribing agency | DLC |
| Modifying agency | DLC |
| 042 ## - AUTHENTICATION CODE | |
| Authentication code | lcode |
| 043 ## - GEOGRAPHIC AREA CODE | |
| Geographic area code | f-rh--- |
| 050 00 - LIBRARY OF CONGRESS CALL NUMBER | |
| Classification number | HD992.Z63 |
| Item number | MOO 2005 |
| 100 1# - MAIN ENTRY--PERSONAL NAME | |
| Personal name | Moore, Donald S., |
| Dates associated with a name | 1963- |
| 245 10 - TITLE STATEMENT | |
| Title | Suffering for territory : |
| Remainder of title | race, place, and power in Zimbabwe / |
| Statement of responsibility, etc. | Donald S. Moore. |
| 260 ## - PUBLICATION, DISTRIBUTION, ETC. | |
| Place of publication, distribution, etc. | Avondale, Harare : |
| Name of publisher, distributor, etc. | Weaver Press, |
| Date of publication, distribution, etc. | 2005. |
| 300 ## - PHYSICAL DESCRIPTION | |
| Extent | xx, 399 p. : |
| Other physical details | ill., maps ; |
| Dimensions | 24 cm. |
| 504 ## - BIBLIOGRAPHY, ETC. NOTE | |
| Bibliography, etc. note | Includes bibliographical references (p. [365]-386) and index. |
| 650 #0 - SUBJECT ADDED ENTRY--TOPICAL TERM | |
| Topical term or geographic name entry element | Land use |
| General subdivision | Government policy |
| Geographic subdivision | Zimbabwe. |
| 650 #0 - SUBJECT ADDED ENTRY--TOPICAL TERM | |
| Topical term or geographic name entry element | Land settlement |
| Geographic subdivision | Zimbabwe. |
| 650 #0 - SUBJECT ADDED ENTRY--TOPICAL TERM | |
| Topical term or geographic name entry element | Land settlement |
| General subdivision | Government policy |
| Geographic subdivision | Zimbabwe. |
| 650 #0 - SUBJECT ADDED ENTRY--TOPICAL TERM | |
| Topical term or geographic name entry element | Land tenure |
| Geographic subdivision | Zimbabwe. |
| 651 #0 - SUBJECT ADDED ENTRY--GEOGRAPHIC NAME | |
| Geographic name | Zimbabwe |
| General subdivision | Race relations. |
| 856 41 - ELECTRONIC LOCATION AND ACCESS | |
| Materials specified | Table of contents only |
| Uniform Resource Identifier | <a href="http://www.loc.gov/catdir/toc/fy0703/2006318542.html">http://www.loc.gov/catdir/toc/fy0703/2006318542.html</a> |
| 906 ## - LOCAL DATA ELEMENT F, LDF (RLIN) | |
| a | 7 |
| b | cbc |
| c | origcop |
| d | 3 |
| e | ncip |
| f | 20 |
| g | y-gencatlg |
| 942 ## - ADDED ENTRY ELEMENTS (KOHA) | |
| Source of classification or shelving scheme | Library of Congress Classification |
| Koha item type | Books |
| Classification part | 992.Z63 |
| Item part | MOO |
| Call number prefix | HD |
| Withdrawn status | Lost status | Damaged status | Not for loan | Collection code | Home library | Current library | Shelving location | Date acquired | Total Checkouts | Full call number | Barcode | Date last seen | Copy number | Price effective from | Koha item type | Source of classification or shelving scheme |
|---|---|---|---|---|---|---|---|---|---|---|---|---|---|---|---|---|
| Non-fiction | City Campus Library | City Campus Library | General Stacks | 10/19/2020 | HD 992.Z63 MOO 2005 | B017772 | 10/19/2020 | c.1 | 10/19/2020 | Books | ||||||
| Non-fiction | City Campus Library | City Campus Library | General Stacks | 10/19/2020 | HD 992.Z63 MOO 2005 | B017770 | 10/19/2020 | c.2 | 10/19/2020 | Books | ||||||
| Non-fiction | City Campus Library | City Campus Library | General Stacks | 10/19/2020 | HD 992.Z63 MOO 2005 | B017010 | 10/19/2020 | c.3 | 10/19/2020 | Books | ||||||
| Non-fiction | Mashava Campus Library | Mashava Campus Library | General Stacks | 05/04/2021 | HD 992.Z63 MOO 2005 | B017929 | 05/04/2021 | c.4 | 05/04/2021 | Books | Library of Congress Classification |